Análisis teórico de los efectos de la intermediación comercial (Registro nro. 24704)
[ vista simple ]
| 000 -LEADER | |
|---|---|
| fixed length control field | 00377 a2200121 4500 |
| 001 - CONTROL NUMBER | |
| control field | ART_10133 |
| 005 - DATE AND TIME OF LATEST TRANSACTION | |
| control field | 20260410161848.0 |
| 008 - FIXED-LENGTH DATA ELEMENTS--GENERAL INFORMATION | |
| fixed length control field | 260409a |
| 100 1# - MAIN ENTRY--PERSONAL NAME | |
| Personal name | Di Tella, Guido |
| 245 10 - TITLE STATEMENT | |
| Title | Análisis teórico de los efectos de la intermediación comercial |
| 700 1# - ADDED ENTRY--PERSONAL NAME | |
| Personal name | Baccino, Osvaldo |
| 773 0# - HOST ITEM ENTRY | |
| Title | Económica |
| Related parts | - Año XV, Nº 1 (ene./abr. 1969) |
| Record control number | REV7541 |
No hay ítems disponibles.